The Amazing Digital Circus Characters by short Description - Statistics

General Stats
  • This quiz has been taken 113 times
  • The average score is 13 of 17
Answer Stats
Hint Answer % Correct
Comic Mask Girl. Gangle
100%
Asshole. Jax
100%
The Chess King that likes bugs. Kinger
100%
She's the main character. Pomni
100%
The nice doll that likes to help everybody. Ragatha
99%
She has a lot of different changeable pieces. Zooble
99%
The Weird Bubble. Bubble
98%
The Ringmaster. Caine
98%
He Abstracted in the Pilot. Kaufmo
84%
The Bandit Gummy Crocodile. Gummigoo
78%
The Queen of the shape guys. Gloink Queen
67%
Ginormous guy made of chocolate. Fudge
54%
The Super Creepy villain from the 3rd episode. Angel
51%
The Princess of the Candy Canyon Kingdom. Loo
39%
The Dead Wife of the Guy that made the Cassette Tapes. Martha Mildenhall
36%
Guy that made the Cassette Tapes. Baron Theodore Mildenhall
34%
The Cute little ghost from the Mildenhall Manor. Ghostly
28%
No matching quizzes found
Score Distribution
Percent of People with Each Score
Percentile by Number Answered
Your Score History
You have not taken this quiz